00450nam a2200157Ia 450000100060000000300040000600500170001000800410002704000130006808200180008110000250009924500880012426000620021230000110027454600070028522973OSt20200917115648.0140409s9999 xx 000 0 und d cPK-LaUMT a 657.2bAMJ-B aAmjad Saeed, Khawaja aBook-keeping and accounts:bsix years questions and solutionscAmjad Saeed, Khawaja aLahore,Pakistan:bInstitute of Business Management,c1996 a206 p. aEN